Music Quiz

Random Music or Lyrics Quiz
Score 0/277 Timer 10:00
0 Plays Today
% Correct
[HOOK] x2
96.2%
I
95.5%
I
95.5%
I
95.5%
I
95.5%
I
95.5%
I
95.5%
I
95.5%
I
95.5%
I
95.5%
I
95.5%
I
95.5%
I
95.5%
I
95.5%
I
95.5%
I
95.5%
I
95.5%
I
95.5%
I
95.5%
I
95.5%
I
95.5%
I
95.5%
I
95.5%
the
94.5%
The
94.5%
the
94.5%
the
94.5%
the
94.5%
the
94.5%
the
94.5%
the
94.5%
the
94.5%
the
94.5%
the
94.5%
the
94.5%
the
94.5%
The
94.5%
the
94.5%
the
94.5%
the
94.5%
the
94.5%
the
94.5%
a
92.4%
My
91.7%
my
91.7%
my
91.7%
my
91.7%
my
91.7%
My
91.7%
be
91.3%
So
90.7%
So
90.7%
so
90.7%
so
90.7%
so
90.7%
if
89.6%
if
89.6%
if
89.6%
pray
89.6%
if
89.6%
pray
89.6%
if
89.6%
If
89.6%
if
89.6%
to
88.2%
to
88.2%
to
88.2%
die
87.9%
die
87.9%
die
87.9%
for
86.2%
for
86.2%
for
86.2%
for
86.2%
for
86.2%
for
86.2%
for
86.2%
for
86.2%
Lord
85.1%
Lord
85.1%
yo
85.1%
yo
85.1%
you
83.7%
you
83.7%
you
83.7%
you
83.7%
you,
83.7%
you
83.7%
you
83.7%
soul,
83.4%
before
83.4%
wake
83.4%
soul
83.4%
% Correct
before
83.4%
wake
83.4%
soul
83.4%
take
83%
take
83%
heart
81.3%
heart,
81.3%
heart,
81.3%
I'm
79.9%
I'm
79.9%
I'm
79.9%
no
79.9%
I'm
79.9%
I'm
79.9%
I'm
79.9%
I'm
79.9%
I'm
79.9%
I'm
79.9%
me
79.6%
me
79.6%
me
79.6%
mad,
77.9%
God
77.5%
And
77.5%
And
77.5%
God
77.5%
some
76.5%
some
76.5%
Not
75.8%
Made
75.8%
made
75.8%
not
75.8%
not
75.8%
that
73.4%
ready
73.4%
that
73.4%
ready
73.4%
ready
73.4%
ready
73.4%
ready
73.4%
ready
73.4%
ready
73.4%
Have
73%
have
73%
funeral
73%
funeral,
73%
funeral,
73%
funeral
73%
funeral
73%
don't
72.7%
don't
72.7%
please
72%
please
72%
from
71.3%
from
71.3%
from
71.3%
it
71.3%
it
71.3%
from
71.3%
it
71.3%
it
71.3%
know
70.9%
know
70.9%
nervous
69.9%
in
69.9%
in
69.9%
Just
69.6%
being
68.9%
being
68.9%
cry
68.9%
feel
67.8%
feel
67.8%
songs
67.1%
Sometimes
66.4%
on
66.4%
With
66.4%
with
66.4%
real
66.4%
'Cause
66.4%
'Cause
66.4%
real
66.4%
these
66.1%
ho
65.4%
****
65.1%
****
65.1%
but
64.7%
But
64.7%
but
64.7%
fur
64.4%
special
63.7%
boots
63.3%
apple
62.6%
bottom
62.6%
% Correct
jeans
62.6%
thing
62.3%
last
61.6%
of
61.6%
of
61.6%
away,
61.2%
am
61.2%
am
61.2%
am,
61.2%
am
61.2%
today
60.9%
ever
60.6%
mind
60.6%
ever
60.6%
won't
60.2%
up?
60.2%
what
60.2%
here
59.9%
all
59.9%
can
59.9%
love,
59.5%
love
59.5%
purpose
57.4%
slip
57.1%
start
57.1%
head
56.4%
thinking
56.1%
remember
56.1%
thump
55.7%
Even
55.7%
About
55%
runs
54.7%
never
54.7%
****
54.7%
this,
54%
catch
53.6%
Pat,
53.3%
got
52.6%
heard
51.2%
is
50.5%
while,
50.2%
feeling
50.2%
alone,
50.2%
gone
49.5%
who
49.1%
since
48.8%
birth
48.8%
help
48.8%
Plain
48.8%
ill
48.4%
Play
48.4%
Make
48.1%
free
47.4%
important
47.1%
Girls
46.4%
back
46.4%
Unless
46%
'til
45.3%
appreciate
45.3%
dated,
45.3%
words
45%
your
44.6%
it's
43.9%
stabbed
43.9%
demons
43.6%
recognize
43.6%
world'll
42.6%
could
42.2%
how
41.9%
top
41.9%
disguise,
41.2%
Blessing
40.8%
bro
40.8%
dreamed
38.8%
okay,
38.8%
eyes,
38.4%
hiding
38.1%
met
38.1%
confronted
36.3%
open
35.3%
would
32.5%
Beyond,
32.5%
disperse
32.2%
Cursed,
29.8%
need
29.1%
worry
26%
Maybe
25.6%
wait
23.5%
hey-hey
17.3%
hey
17.3%
Hey,
17.3%
Remove Ads.
Support Sporcle.
Get the best of Sporcle when you Go Orange. This ad-free experience offers more features, more stats, and more fun while also helping to support Sporcle. Thank you for becoming a member.

You're not logged in!

Compare scores with friends on all Sporcle quizzes.
OR
Log In

Sporcle TV

Today on Sporcle TV


Watch our educational content, quiz creation guides, and fun videos on Sporcle TV.

Show Comments

Extras

Top Quizzes Today


Score Distribution

Paid Content

Your Account Isn't Verified!

In order to create a playlist on Sporcle, you need to verify the email address you used during registration. Go to your Sporcle Settings to finish the process.

Report this User

Report this user for behavior that violates our Community Guidelines.

Details: